<?xml version="1.0" encoding="UTF-8"?>
<record
    xmlns:xsi="http://www.w3.org/2001/XMLSchema-instance"
    xsi:schemaLocation="http://www.loc.gov/MARC21/slim http://www.loc.gov/standards/marcxml/schema/MARC21slim.xsd"
    xmlns="http://www.loc.gov/MARC21/slim">

  <leader>00878nam a22002177a 4500</leader>
  <controlfield tag="005">20200104041629.0</controlfield>
  <controlfield tag="008">141108b2004    ck |||||r||||a00| 0 spa d</controlfield>
  <datafield tag="040" ind1=" " ind2=" ">
    <subfield code="a">CO-BoIAVH</subfield>
    <subfield code="c">CO-BoIAVH</subfield>
  </datafield>
  <datafield tag="041" ind1=" " ind2=" ">
    <subfield code="a">spa</subfield>
  </datafield>
  <datafield tag="044" ind1=" " ind2=" ">
    <subfield code="a">ck</subfield>
  </datafield>
  <datafield tag="082" ind1="0" ind2="4">
    <subfield code="a">630</subfield>
    <subfield code="b">J37m</subfield>
  </datafield>
  <datafield tag="111" ind1="2" ind2=" ">
    <subfield code="a">Encuentros Internacionales Acad&#xE9;micos 50 a&#xF1;os del Jard&#xED;n Bot&#xE1;nico Jos&#xE9; Celestino Mutis</subfield>
    <subfield code="c">Bogot&#xE1;, Colombia)</subfield>
    <subfield code="d">(2005 : </subfield>
    <subfield code="9">31768</subfield>
  </datafield>
  <datafield tag="245" ind1="1" ind2="0">
    <subfield code="a">Memorias de los Encuentros Internacionales Acad&#xE9;micos 50 a&#xF1;os del Jard&#xED;n Bot&#xE1;nico Jos&#xE9; Celestino Mutis</subfield>
  </datafield>
  <datafield tag="260" ind1=" " ind2=" ">
    <subfield code="a">Bogot&#xE1;:</subfield>
    <subfield code="b">ard&#xED;n Bot&#xE1;nico Jos&#xE9; Celestino Mutis, </subfield>
    <subfield code="c">2005.</subfield>
  </datafield>
  <datafield tag="300" ind1=" " ind2=" ">
    <subfield code="a">86 p.</subfield>
    <subfield code="b">il.</subfield>
    <subfield code="c">24 cm.</subfield>
  </datafield>
  <datafield tag="650" ind1=" " ind2="6">
    <subfield code="a">Agricultura</subfield>
    <subfield code="x">cultivos</subfield>
    <subfield code="9">31769</subfield>
  </datafield>
  <datafield tag="650" ind1=" " ind2="6">
    <subfield code="a">Arborizaci&#xF3;n urbana</subfield>
    <subfield code="v">Congresos, conferencias, etc.</subfield>
    <subfield code="9">31771</subfield>
  </datafield>
  <datafield tag="650" ind1=" " ind2="6">
    <subfield code="a">Educaci&#xF3;n ambiental</subfield>
    <subfield code="9">162</subfield>
  </datafield>
  <datafield tag="650" ind1=" " ind2="6">
    <subfield code="9">31770</subfield>
    <subfield code="a">Agricultura urbana</subfield>
    <subfield code="v">Congresos, conferencias, etc..</subfield>
  </datafield>
  <datafield tag="942" ind1=" " ind2=" ">
    <subfield code="2">ddc</subfield>
    <subfield code="c">LIBRO</subfield>
  </datafield>
  <datafield tag="999" ind1=" " ind2=" ">
    <subfield code="c">8768</subfield>
    <subfield code="d">8768</subfield>
  </datafield>
  <datafield tag="952" ind1=" " ind2=" ">
    <subfield code="0">0</subfield>
    <subfield code="1">0</subfield>
    <subfield code="2">ddc</subfield>
    <subfield code="4">0</subfield>
    <subfield code="7">0</subfield>
    <subfield code="8">GENERAL</subfield>
    <subfield code="I">INV2017</subfield>
    <subfield code="a">Bogota</subfield>
    <subfield code="b">Bogota</subfield>
    <subfield code="d">2014-11-08</subfield>
    <subfield code="l">0</subfield>
    <subfield code="o">LB-630 J37m</subfield>
    <subfield code="p">038424</subfield>
    <subfield code="r">2014-11-08 00:00:00</subfield>
    <subfield code="t">Ej. 1</subfield>
    <subfield code="w">2014-11-08</subfield>
    <subfield code="x">Canje</subfield>
    <subfield code="y">LIBRO</subfield>
  </datafield>
</record>
